AH International Schools' Libraries

Dark shadows: (Record no. 49352)

MARC details
000 -LEADER
fixed length control field 00362nam a2200121 4500
020 ## - INTERNATIONAL STANDARD BOOK NUMBER
International Standard Book Number 9781481450508
100 ## - MAIN ENTRY--PERSONAL NAME
Personal name Cronin, Doreen
245 ## - TITLE STATEMENT
Title Dark shadows:
Remainder of title yes another misadventure /
Statement of responsibility, etc Doreen Cronin & Stephen Gilpin
260 ## - PUBLICATION, DISTRIBUTION, ETC. (IMPRINT)
Place of publication, distribution, etc New York
Name of publisher, distributor, etc A Caitlyn Dlouhy Book
Date of publication, distribution, etc 2017
300 ## - PHYSICAL DESCRIPTION
Extent 115 p.
Other physical details col. ill.
Dimensions 21 cm.
490 ## - SERIES STATEMENT
Series statement The chicken squad
942 ## - ADDED ENTRY ELEMENTS (KOHA)
Source of classification or shelving scheme
Koha item type Book
Holdings
Withdrawn status Lost status Source of classification or shelving scheme Damaged status Not for loan Home library Current library Shelving location Date acquired Total Checkouts Full call number Barcode Date last seen Price effective from Koha item type
          Asian Hope Early Years Library Asian Hope Early Years Library Junior Fiction 08/19/2025   CB FIC CRO 208892 08/19/2025 08/19/2025 Book

For any Logos Library related questions please contact Miss Art at swongnarasuk@asianhope.org.

For any Asian Hope Library related questions please contact Miss Raza at graza@asianhope.org.

Click here to explore our ebooks!

Powered by Koha